| 000 | 01704cad a22003375a 4500 | ||
|---|---|---|---|
| 001 | L159568 | ||
| 008 | 100415u20160410xxk g 000 0 eng d | ||
| 035 | _a(Sirsi) u159568 | ||
| 041 | 0 | _aeng | |
| 050 | 0 | 4 | _a658.2 $2 18 |
| 110 |
_aRoyal Institution of Chartered Surveyors _94900 |
||
| 245 | 0 | 0 |
_aOffice environments and productivity in the Middle East _bchallenging preconceptions and understanding why one size does not fit all _h[electronic resource] |
| 260 |
_aLondon _bRICS _c2016 |
||
| 490 | 0 | _aRICS Insight | |
| 490 | 0 | _aRICS Research | |
| 520 | _aLooks at the survey of office workers in the Middle East region to understand their working habits, motivations, likes, dislikes, access to light, working environment etc. The data will be used to model a statistical analysis of how people occupy the workspace, how they feel most content and what may affect their productivity. Crucially, conclusions will be drawn as to how the physical design of a commercial office may respond to these needs and create a more productive workspace. The survey covers the combined data base of MECO, RICS and other connections, together with targeted specific occupiers. | ||
| 590 | _aKA NTK | ||
| 650 | 2 | 4 | _aPRODUCTIVITY |
| 650 | 2 | 4 | _aWORK ENVIRONMENT |
| 650 | 2 | 4 | _aWORKSPACE |
| 650 | 2 | 4 | _aCORPORATE OCCUPIERS |
| 651 | 4 | _aMiddle East | |
| 690 |
_aFacilities management _96240 |
||
| 700 | 1 | _aNunnington, Nick | |
| 700 | 1 | _aHaynes, Barry P. | |
| 700 | 1 | _aChong, Joanne | |
| 700 | 1 | _aJacobs, Brent | |
| 710 | 1 | _aMiddle East Council for Offices (MECO) | |
| 856 | 4 | 0 |
_uhttps://www.rics.org/Global/RICS_MECO_Offices_Insights.pdf _zView the research free of charge at www.rics.org |
| 942 | _n0 | ||
| 999 |
_c116008 _d116008 |
||